Pokemon 9G par photo / Pictures - Statistiques

Statistiques générales
  • Ce quiz a été pris 80 fois
    62 depuis la dernière actualisation
  • Le résultat moyen est 59 sur 121
Statistiques - réponses
Par images Réponse % Correct
Poussacha
95%
Pohm
78%
Miascarade
76%
Pohmarmotte
73%
Palmaval
71%
Briochien
66%
Gigansel
66%
Pohmotte
66%
Superdofin
66%
Chochodile
63%
Coiffeton
63%
Dofin
63%
Famignol
63%
Olivini
63%
Terracool
63%
Terraiste
63%
Tissenboule
63%
Triopikeau
63%
Deusolourdo
61%
Ferdeter
61%
Forgelina
61%
Malvalame
61%
Tag-Tag
61%
Terracruel
61%
Toutombe
61%
Canarbello
59%
Flâmigator
59%
Gambex
59%
Motorizard
59%
Arboliva
56%
Compagnol
56%
Courrousinge
56%
Craparoi
56%
Fragroin
56%
Koraidon
56%
Matourgeon
56%
Miraidon
56%
Taupikeau
56%
Vrombi
56%
Ampibidou
54%
Farigiraf
54%
Gourmelet
54%
Hurle-Queue
54%
Pâtachiot
54%
Roue-de-Fer
54%
Vrombotor
54%
Carmadura
51%
Charbambin
51%
Crocogril
51%
Fort-Ivoire
51%
Oyacata
51%
Scalpereur
51%
Selutin
51%
Yuyu
51%
Zapétrel
51%
Amassel
49%
Baojian
49%
Forgella
49%
Gromago
49%
Hotte-de-Fer
49%
Lestombaile
49%
Nigirigon
49%
Pimito
49%
Tapatoès
49%
Têtampoule
49%
Virovent
49%
Cléopsytra
46%
Flamenroule
46%
Floréclat
46%
Forgerette
46%
Paume-de-Fer
46%
Piétacé
46%
Scovilain
46%
Délestin
44%
Filentrappe
44%
Flotillon
44%
Flotte-Mèche
44%
Garde-de-Fer
44%
Glaivodo
44%
Grondogue
44%
Axoloto de Paldea
41%
Balbalèze
41%
Bérasca
41%
Dinglu
41%
Dogrino
41%
Fongus-Furie
41%
Frigodo
41%
Germéclat
41%
Mite-de-Fer
41%
Pelage-Sablé
41%
Fulgulairo
39%
Mordudor
39%
Rampe-Ailes
39%
Rugit-Lune
39%
Tauros de Paldea
39%
Têtes-de-Fer
39%
Vert-de-Fer
39%
Virevorreur
39%
Chongjian
37%
Léboulérou
37%
Olivado
37%
Serpente-Eau
37%
Cryodo
34%
Epine-de-Fer
34%
Gribouraigne
34%
Ogerpon
34%
Pomdramour
34%
Tomberro
34%
Lilliterelle
32%
Pondralugon
29%
Terapagos
29%
Chef-de-Fer
27%
Félicanis
27%
Roc-de-Fer
27%
Feu-Perçant
24%
Ire-Foudre
24%
Pomdorochi
24%
Théffroyable
24%
Favianos
22%
Poltchageist
22%
Fortusimia
20%
Aucun quiz correspondant
Distribution des résultats
% des personnes avec chaque résultat
Percentile par nombre de réponses
Votre historique - résultats
Vous n’avez pas pris ce quiz depuis la dernière actualisation